| 000 | 00611nam a22002057a 4500 | ||
|---|---|---|---|
| 005 | 20240814112558.0 | ||
| 010 | _aENG-141079 | ||
| 020 |
_a9789351402671 _c300.00 |
||
| 035 | _aEN-124611 | ||
| 037 | _bDBAD | ||
| 082 | _a363.731 | ||
| 100 |
_aKudesia, V.P. _970017 |
||
| 245 |
_aIndustrial Pollution/ _cBy V.P. Kudesia [and] Neetu Sharma |
||
| 260 |
_aMeerut _bPRAGATI PRAKASHAN _c1989 |
||
| 270 |
_a240, W.K. Road, Meerut _bMeerut _e250001 |
||
| 300 |
_a311p. _c24cm (pbk) |
||
| 650 |
_aBiography _970018 |
||
| 700 |
_aSharma, Neetu _910217 _eAuthor |
||
| 942 |
_2ddc _cEN _hS363.731 _mKUD |
||
| 999 |
_c204636 _d204636 |
||